| 000 | 00648nam a22001937a 4500 | ||
|---|---|---|---|
| 003 | OSt | ||
| 005 | 20210220155544.0 | ||
| 008 | 210220b ||||| |||| 00| 0 eng d | ||
| 020 | _a818061168X | ||
| 020 | _a9788180611681 | ||
| 040 |
_aPHNSL _cPHNSL |
||
| 100 | _aNeeraja, K. P | ||
| 245 |
_aTextbook of nursing education / _cK.P. Neeraja. |
||
| 260 |
_aNew Delhi : _bJaypee Brothers Medical Publishers, _c 2003. |
||
| 300 |
_a498 p. : _bill. |
||
| 650 |
_aEducation, Nursing - India. _vTeaching - Methods - India. _xEducation - trends - India. |
||
| 650 |
_aEducation, Nursing, Graduate - India. _vCurriculum - India. |
||
| 942 |
_2lcc _cBK |
||
| 999 |
_c513 _d513 |
||